Detalles MARC
| 000 -LIDER |
| fixed length control field |
01679nam a2200409 a 4500 |
| 001 - NÚMERO DE CONTROL |
| Identificador de número de control |
00015156 |
| 003 - IDENTIFICACDOR DE NÚMERO DE CONTROL |
| control field |
DO-SdBNP |
| 005 - DATE AND TIME OF LATEST TRANSACTION |
| control field |
20180315102711.0 |
| 007 - CAMPOS FIJOS DE DESCRIPCIÓN FÍSICA |
| fixed length control field |
00015156 |
| 008 - ELEMENTOS DE LONGITUD FIJA |
| fixed length control field |
150818s2001 000 spa d |
| 020 ## - ISBN |
| International Standard Book Number |
842162122X |
| 040 ## - FUENTE DE CATALOGACIÓN |
| Agencia que crea de manera original el registro |
BPMSU |
| Idioma de catalogación |
spa |
| Agencia que realiza la transcripción |
BPMSU |
| 245 #0 - MENCIÓN DE TITULO |
| Título |
Lengua española 5 : |
| Subtítulo |
nivel básico / |
| Mención de responsabilidad |
colaboradora María C. Liriano Brito |
| 260 ## - PUBLICACIÓN, DISTRIBUCIÓN, ETC. (PIE DE IMPRENTA) |
| Lugar de publicación, distribución, etc |
Santo Domingo : |
| Nombre del editor, distribuidor, etc. |
Susaeta |
| Fecha de publicación, distribución, etc |
2001. |
| 300 ## - DESCRIPCIÓN FÍSICA |
| Extensión |
192 p. : |
| Otros detalles físicos |
il. ; |
| Dimensiones |
30 cm. |
| 490 ## - MENCIÓN DE SERIES |
| Mención de serie |
Proyecto dominicano |
| -- |
todo libro |
| 505 ## - NOTA DE CONTENIDO |
| Información miscelánea |
Unidad 1.-- |
| Título |
El agua, un bien escaso |
| 505 ## - NOTA DE CONTENIDO |
| Información miscelánea |
Unidad 2.-- |
| Título |
¿Dónde te gustaría vivir? |
| 505 ## - NOTA DE CONTENIDO |
| Información miscelánea |
Unidad 3.-- |
| Título |
Mundos siderales |
| 505 ## - NOTA DE CONTENIDO |
| Información miscelánea |
Unidad 4.-- |
| Título |
La degradación de los espacios |
| 505 ## - NOTA DE CONTENIDO |
| Información miscelánea |
Unidad 5.-- |
| Título |
Protagonistas del espacio : pequeños grandes hombres |
| 505 ## - NOTA DE CONTENIDO |
| Información miscelánea |
Unidad 6.-- |
| Título |
La ciencia y la técnica cambian el mundo |
| 505 ## - NOTA DE CONTENIDO |
| Información miscelánea |
Unidad 7.-- |
| Título |
Mi mundo interior |
| 505 ## - NOTA DE CONTENIDO |
| Información miscelánea |
Unidad 8.-- |
| Título |
¿Qué hago con mi tiempo libre? |
| 505 ## - NOTA DE CONTENIDO |
| Información miscelánea |
Unidad 9.-- |
| Título |
Un lugar para los muñequitos |
| 505 ## - NOTA DE CONTENIDO |
| Información miscelánea |
Unidad 10.-- |
| Título |
Imaginación y fantasia : los cuentos |
| 505 ## - NOTA DE CONTENIDO |
| Información miscelánea |
Unidad 11.-- |
| Título |
La publicidad que nos envuelve |
| 505 ## - NOTA DE CONTENIDO |
| Información miscelánea |
Unidad 12.-- |
| Título |
Nos comunicamos a través de las ondas : la radio |
| 505 ## - NOTA DE CONTENIDO |
| Información miscelánea |
Unidad 13.-- |
| Título |
Acercando espacios : las noticias |
| 505 ## - NOTA DE CONTENIDO |
| Información miscelánea |
Unidad 14.-- |
| Título |
Una tierra una cultura : República Dominicana |
| 505 ## - NOTA DE CONTENIDO |
| Información miscelánea |
Unidad 15.-- |
| Título |
En la oscuridad de la noche |
| 700 ## - ASIENTO SECUNDARIO -- NOMBRE PERSONAL |
| Término de relación |
Liriano Brito, María C. |
| Mención de responsabilidad |
col. |
| 830 ## - ASIENTO SECUNDARIO DE SERIE--TÍTULO UNIFORME |
| Nombre de la parte o sección de una obra |
Proyecto dominicano (República Dominicana ) |
| 942 ## - ADDED ENTRY ELEMENTS (KOHA) |
| Source of classification or shelving scheme |
Dewey Decimal Classification |
| Koha item type |
Libros |
| 945 ## - INFORMACIÓN DE PROCESAMIENTO LOCAL |
| Información de procesamiento local |
Remanejado para la BNPHU / 2018 VM |
| 956 ## - LOCAL ELECTRONIC LOCATION AND ACCESS (OCLC) |
| Nombre de host |
VMATEO |
| Número de acceso |
10 |
| Información de compresión |
20150909 |
| Inicio de sesión |
BPMSU |
| Procesador de solicitud |
000151 |